00459 2200181 4500001002100000005001500021035002000036245004100056100001500097250001000112300004000122260003400162082000800196084001400204020001900218504002000237990002000257INLIS00000000000537120260223081305 a0010-02260000511 aSelf Gardening Project /cKim Eun-Ju0 aEun-Ju Kim aCet.1 a285 hlm, :bilus ;c12,5 x 18,2 cm. aJakarta; :bRene Book,c2023. a150 a150 EUN s a978623608370-3 aTentang Penulis a16283/P/BL/2026